01038nam a2200277 a 450000100060000000300080000600500170001400800410003103500200007204000300009204100080012208200260013010000480015624501100020426000370031430000210035149000290037250000370040150400380043865000380047665000350051470000450054994200120059499900170060695201370062349630BD-RjUL20211209054715.0160823s1961 xx 001 0 eng  a(BD-RjUL) 49749 aDLCcFOdUkdBD-RjULbeng aeng a370.973223bCOE 19611 aCox, Philip Wescott Lawrenced1883-915023110aEducation in democracy :bsocial foundations of education /c[by] Philip W.L. Cox [and] Blaine E. Mercer. aNew York :bMcGraw-Hill,cc1961. a570 p. ;c24 cm.0 aFoundations in education aMcGraw-Hill series in education. aIncludes bibliographies and index 0aEducationzUnited States.9150232 0aEducational sociology.91502331 aMercer, Blaine E.ejoint author.9150234 2ddccBK c49630d49630 00102ddc40708NFICaRUCLbRUCLcStackd1966-01-03eEuro pakg48.75l0o370.973 COE 1961r2016-08-23 00:00:00tC-2w2016-08-23yBK